| 000 | 00460nam a2200169Ia 4500 | ||
|---|---|---|---|
| 008 | 100426t2007 xxu||||| |||| 00| 0 sin d | ||
| 041 | _asin | ||
| 080 |
_aX8S31 _bJAY |
||
| 100 | _aJayatunga, Chandra | ||
| 245 | _aතරු එළියෙන් පියවර | ||
| 246 | _aTharu Eliyen Piyavara | ||
| 260 |
_bPrint & Print Graphics _aColombo _c2007 |
||
| 300 | _a256p., 21 cm | ||
| 942 | _cBK | ||
| 999 |
_c72813 _d72813 |
||
| 003 | LK-CoDNM | ||
| 040 |
_aLK-CoDNM _dLK-CoDNM _eLK-CoDNM |
||